[Event "AUT-chT 1999/2000"]
[Site "Melk"]
[Date "1999.10.24"]
[Round "3.5.6"]
[White "Genser, Harald"]
[Black "Poeltl, Thomas"]
[Result "0-1"]
[WhiteElo "2212"]
[BlackElo "2241"]
[PlyCount "80"]
[EventDate "1999.10.24"]

1. e4 e6 2. d4 d5 3. Nd2 Nf6 4. e5 Nfd7 5. Bd3 c5 6. c3 Nc6 7. Ne2 cxd4 8. cxd4
f6 9. exf6 Nxf6 10. O-O Bd6 11. Nf3 Qc7 12. Nc3 a6 13. Bg5 O-O 14. Rc1 Bd7 15.
Re1 Rae8 16. Bh4 g6 17. Bg3 Bxg3 18. hxg3 Ng4 19. Rc2 Qd8 20. Rce2 Qf6 21. Bb1
Re7 22. Qd2 Rg7 23. Ne5 Ngxe5 24. dxe5 Qe7 25. Rc1 g5 26. g4 Rf4 27. f3 Nd4 28.
Rf2 Bb5 29. Qe3 Rgf7 30. Rd1 Qc5 31. Kh1 b6 32. g3 Rxf3 33. Rxf3 Nxf3 34. Qxc5
bxc5 35. a4 Bc6 36. Ne2 Nxe5 37. a5 d4+ 38. Kg1 Nxg4 39. Rf1 Rxf1+ 40. Kxf1
Ne3+ 0-1

[Event "AUT-chT 1999/2000"]
[Site "Melk"]
[Date "1999.10.24"]
[Round "3.6.1"]
[White "Hickl, Joerg"]
[Black "Almasi, Zoltan"]
[Result "1/2-1/2"]
[WhiteElo "2553"]
[BlackElo "2664"]
[PlyCount "106"]
[EventDate "1999.10.24"]

1. c4 Nf6 2. Nf3 c5 3. g3 Nc6 4. Bg2 d5 5. cxd5 Nxd5 6. Nc3 Nc7 7. d3 e5 8. Nd2
Bd7 9. O-O Be7 10. Nc4 f6 11. f4 b5 12. Ne3 Rc8 13. Nf5 O-O 14. Nxe7+ Qxe7 15.
f5 Rfd8 16. Be3 Nd4 17. g4 Be8 18. Rc1 Bf7 19. Qd2 c4 20. g5 Ne8 21. Ne4 cxd3
22. exd3 Rxc1 23. Rxc1 Nxf5 24. Bc5 Qd7 25. Qf2 Nd4 26. gxf6 Nxf6 27. Nxf6+
gxf6 28. Kh1 Kg7 29. Rf1 Qe6 30. Bxa7 Bg6 31. Be4 f5 32. Bg2 f4 33. Re1 Qf6 34.
Be4 Bxe4+ 35. dxe4 Ne6 36. Bb6 Rg8 37. Ba5 Kf7 38. Bc3 Nd4 39. Bxd4 exd4 40.
Rf1 f3 41. Qxf3 Qxf3+ 42. Rxf3+ Ke6 43. Rf5 Rg4 44. Rxb5 Rxe4 45. Rb4 Kd5 46.
Kg2 Re2+ 47. Kf3 Rxh2 48. a4 Rh3+ 49. Kg2 Rh6 50. Kf3 Re6 51. a5 d3 52. Rb8 h5
53. a6 Rxa6 1/2-1/2

[Event "AUT-chT 1999/2000"]
[Site "Melk"]
[Date "1999.10.24"]
[Round "3.6.2"]
[White "Poldauf, Dirk"]
[Black "Bezold, Michael"]
[Result "1/2-1/2"]
[WhiteElo "2460"]
[BlackElo "2508"]
[PlyCount "56"]
[EventDate "1999.10.24"]

1. c4 Nf6 2. Nc3 g6 3. g3 Bg7 4. Bg2 O-O 5. d4 d6 6. Nf3 Nc6 7. O-O a6 8. b3
Rb8 9. Nd5 Nd7 10. e4 e6 11. Nc3 b5 12. Bg5 Ne7 13. cxb5 axb5 14. Qd2 c6 15.
Rfe1 Re8 16. Rac1 f6 17. Bh6 e5 18. Red1 Qb6 19. Be3 Qb7 20. a4 Nf8 21. d5 bxa4
22. dxc6 Nxc6 23. bxa4 Be6 24. Nb5 Red8 25. Nxd6 Qa8 26. Qc3 Nb4 27. Qa1 Na2
28. Rc7 Qxa4 1/2-1/2

[Event "AUT-chT 1999/2000"]
[Site "Melk"]
[Date "1999.10.24"]
[Round "3.6.3"]
[White "Topakian, Raffi"]
[Black "Baumegger, Siegfried"]
[Result "1-0"]
[WhiteElo "2376"]
[BlackElo "2421"]
[PlyCount "63"]
[EventDate "1999.10.24"]

1. c4 e6 2. g3 d5 3. Bg2 Nf6 4. Nf3 dxc4 5. Qa4+ Nbd7 6. Qxc4 a6 7. Qb3 c5 8.
a4 Qc7 9. d3 Rb8 10. Na3 Bd6 11. Bd2 b6 12. Nc4 Bb7 13. O-O O-O 14. e4 e5 15.
Nh4 g6 16. Qc2 Be7 17. f4 Nh5 18. f5 b5 19. axb5 axb5 20. Na5 Ba8 21. Nf3 Rfd8
22. Ng5 h6 23. fxg6 Bxg5 24. gxf7+ Kf8 25. Bxg5 hxg5 26. Qd2 Nf4 27. gxf4 exf4
28. h4 Ne5 29. hxg5 Nxd3 30. Qc3 Rd4 31. Nb3 b4 32. Nxd4 1-0

[Event "AUT-chT 1999/2000"]
[Site "Melk"]
[Date "1999.10.24"]
[Round "3.6.4"]
[White "Freitag, Manfred"]
[Black "Feistenauer, Fred"]
[Result "1-0"]
[WhiteElo "2373"]
[BlackElo "2278"]
[PlyCount "83"]
[EventDate "1999.10.24"]

1. d4 Nc6 2. c4 e5 3. d5 Nce7 4. e4 Nf6 5. f3 Ng6 6. Be3 Bb4+ 7. Nc3 Bxc3+ 8.
bxc3 d6 9. c5 Nd7 10. Bb5 O-O 11. c6 Nb8 12. cxb7 Bxb7 13. Ne2 c6 14. dxc6 Bxc6
15. Bc4 Ne7 16. O-O d5 17. Bb3 Qa5 18. f4 dxe4 19. fxe5 Bd5 20. e6 Nbc6 21.
exf7+ Bxf7 22. Rxf7 Rxf7 23. Qd7 Qf5 24. Qxf5 Nxf5 25. Rf1 Nxe3 26. Rxf7 Kh8
27. Rf4 g6 28. Rxe4 Nf5 29. Bd5 Rc8 30. Rc4 Nce7 31. Rxc8+ Nxc8 32. Be6 Ncd6
33. Bxf5 gxf5 34. Kf2 Kg7 35. Ke3 Kf6 36. Kd4 Nf7 37. Kd5 Ng5 38. c4 Ke7 39.
Nd4 f4 40. c5 h5 41. h4 Nh7 42. Ke5 1-0

[Event "AUT-chT 1999/2000"]
[Site "Melk"]
[Date "1999.10.24"]
[Round "3.6.5"]
[White "Amann, Guenter"]
[Black "Ivancsics, Michael"]
[Result "0-1"]
[WhiteElo "2246"]
[BlackElo "2269"]
[PlyCount "37"]
[EventDate "1999.10.24"]

1. d4 g6 2. Nf3 Bg7 3. c4 d6 4. Nc3 Bg4 5. e4 Nc6 6. d5 Nd4 7. Be3 c5 8. dxc6
Bxf3 9. gxf3 Nxc6 10. Qd2 Nf6 11. Be2 O-O 12. f4 Rc8 13. Rc1 Qd7 14. Bf3 Ng4
15. b3 e5 16. Bc5 Rcd8 17. Rd1 exf4 18. Nb5 Nge5 19. Qxf4 0-1

[Event "AUT-chT 1999/2000"]
[Site "Melk"]
[Date "1999.10.24"]
[Round "3.6.6"]
[White "Kuba, Guenter"]
[Black "Tschohl, Christof"]
[Result "1/2-1/2"]
[WhiteElo "2252"]
[BlackElo "2145"]
[PlyCount "45"]
[EventDate "1999.10.24"]

1. e4 c5 2. Nf3 Nc6 3. Bb5 g6 4. O-O Bg7 5. Re1 Nf6 6. c3 O-O 7. h3 d5 8. e5
Ne8 9. d4 c4 10. b3 Na5 11. bxc4 Nxc4 12. Nbd2 Nxd2 13. Nxd2 Nc7 14. Bd3 b5 15.
Rb1 Bd7 16. Qf3 Rb8 17. Nf1 Rb6 18. Bg5 Bc6 19. Qe3 Qd7 20. Bh6 Bxh6 21. Qxh6
Rfb8 22. Ng3 Qe8 23. a3 1/2-1/2

[Event "AUT-chT 1999/2000"]
[Site "Melk"]
[Date "1999.10.25"]
[Round "4.1.2"]
[White "Poldauf, Dirk"]
[Black "Tischbierek, Raj"]
[Result "1/2-1/2"]
[WhiteElo "2460"]
[BlackElo "2544"]
[PlyCount "40"]
[EventDate "1999.10.25"]

1. c4 c6 2. Nf3 d5 3. Qc2 g6 4. b3 Bg7 5. Bb2 Nf6 6. g3 O-O 7. Bg2 a5 8. a3 b6
9. d3 Bb7 10. O-O Nbd7 11. Nbd2 e6 12. b4 Qe7 13. Rab1 axb4 14. axb4 Rab8 15.
Ne5 Rfc8 16. c5 bxc5 17. bxc5 Ba6 18. Nxd7 Nxd7 19. Bxg7 Kxg7 20. Nb3 Bb5
1/2-1/2

[Event "AUT-chT 1999/2000"]
[Site "Melk"]
[Date "1999.10.25"]
[Round "4.1.3"]
[White "Ankerst, Michael"]
[Black "Baumegger, Siegfried"]
[Result "0-1"]
[WhiteElo "2353"]
[BlackElo "2421"]
[PlyCount "162"]
[EventDate "1999.10.25"]

1. e4 c5 2. Nf3 e6 3. d4 cxd4 4. Nxd4 Nc6 5. Nb5 d6 6. c4 Nf6 7. N1c3 a6 8. Na3
Be7 9. Be2 O-O 10. O-O b6 11. Be3 Bb7 12. Qb3 Nd7 13. Rfd1 Nc5 14. Qc2 Rc8 15.
Rac1 Qc7 16. Qd2 Qb8 17. Bf1 Rfd8 18. f3 Ba8 19. Qf2 Bf6 20. Nc2 Be5 21. Kh1
Bf6 22. Qg3 Rd7 23. Bg5 Bxc3 24. bxc3 Ne5 25. Bf6 Ng6 26. Bd4 Na4 27. h4 e5 28.
Be3 Nxc3 29. Re1 Na4 30. h5 Nf8 31. h6 g6 32. Bg5 Ne6 33. Ne3 Re8 34. Ng4 Nxg5
35. Nf6+ Kh8 36. Nxd7 Qd8 37. Red1 Nxe4 38. fxe4 Qxd7 39. Qf3 Qe7 40. Qe3 Nc5
41. Bd3 Bxe4 42. Bxe4 Qh4+ 43. Kg1 Nxe4 44. Rb1 Ng3 45. Qf3 f5 46. Rxb6 Qh1+
47. Kf2 Ne4+ 48. Ke2 Qxh6 49. Rb7 Qg5 50. g4 Qh4 51. Rg1 Nc5 52. Ra7 Rb8 53.
Ra8 Qd8 54. Rxb8 Qxb8 55. gxf5 Qb2+ 56. Kf1 Qb1+ 57. Kg2 Qxa2+ 58. Kh3 Qxc4 59.
f6 Qd3 60. Qxd3 Nxd3 61. Ra1 Nc5 62. Rd1 Ne4 63. Ra1 Nxf6 64. Rxa6 Ne4 65. Ra7
Kg8 66. Kg2 Ng5 67. Kf2 Nf7 68. Kf3 Kg7 69. Ke4 Kf6 70. Kd5 g5 71. Ra1 h5 72.
Rf1+ Ke7 73. Rg1 h4 74. Rg2 Kf6 75. Rf2+ Kg6 76. Ke6 Nh6 77. Kxd6 h3 78. Rh2
Nf7+ 79. Kd5 g4 80. Rh1 Kg5 81. Ke6 Kh4 0-1

[Event "AUT-chT 1999/2000"]
[Site "Melk"]
[Date "1999.10.25"]
[Round "4.1.4"]
[White "Freitag, Manfred"]
[Black "Opl, Klaus"]
[Result "1-0"]
[WhiteElo "2373"]
[BlackElo "2330"]
[PlyCount "81"]
[EventDate "1999.10.25"]

1. d4 Nf6 2. c4 e6 3. Nc3 Bb4 4. Qc2 c5 5. dxc5 O-O 6. Nf3 Na6 7. Bd2 Nxc5 8.
e3 b6 9. Be2 Bb7 10. O-O Qb8 11. h3 Rc8 12. Rfc1 h6 13. Qd1 Rd8 14. a3 Bxc3 15.
Bxc3 Nfe4 16. b4 Nxc3 17. Rxc3 Ne4 18. Rcc1 d6 19. Qb3 Qc7 20. Nd4 Qd7 21. Qb2
Ng5 22. h4 Ne4 23. Bf3 Qe7 24. g3 Qf6 25. Bg2 Qe7 26. Qc2 f5 27. b5 Qd7 28. a4
e5 29. Nc6 Bxc6 30. bxc6 Qxc6 31. g4 Rac8 32. gxf5 d5 33. Qd1 Qe8 34. cxd5 Nc3
35. Qd2 Nxa4 36. Rxc8 Rxc8 37. d6 Rd8 38. Qa2+ Kh8 39. Qxa4 Qf8 40. d7 Qxf5 41.
Rd1 1-0

[Event "AUT-chT 1999/2000"]
[Site "Melk"]
[Date "1999.10.25"]
[Round "4.1.5"]
[White "Druckenthaner, Andreas"]
[Black "Postl, Anton"]
[Result "1/2-1/2"]
[WhiteElo "2300"]
[BlackElo "2268"]
[PlyCount "95"]
[EventDate "1999.10.25"]

1. e4 c5 2. g3 Nc6 3. Bg2 g6 4. f4 Bg7 5. Nf3 d6 6. O-O Nf6 7. d3 O-O 8. c3 Rb8
9. a4 a6 10. Ng5 Bd7 11. Qe2 h6 12. Nf3 b5 13. axb5 axb5 14. e5 dxe5 15. Nxe5
Nxe5 16. fxe5 Bg4 17. Bf3 Bxf3 18. Qxf3 Nd7 19. d4 Ra8 20. Rxa8 Qxa8 21. Na3 b4
22. Nc4 bxc3 23. bxc3 Qxf3 24. Rxf3 cxd4 25. Rd3 Nc5 26. Rxd4 Nb3 27. Rd1 Rc8
28. Nb6 Rxc3 29. Ba3 Bxe5 30. Nd5 Rc2 31. Nxe7+ Kg7 32. Bd6 Bd4+ 33. Kh1 Nd2
34. Kg2 Ne4+ 35. Kf3 Ng5+ 36. Kg4 f5+ 37. Nxf5+ gxf5+ 38. Kxf5 Bf6 39. h4 Nf7
40. Bf4 Rc5+ 41. Ke4 Kg6 42. Rc1 Rxc1 43. Bxc1 Ne5 44. h5+ Kxh5 45. Kf5 Bh8 46.
Bb2 Nf7 47. g4+ Kh4 48. Bc1 1/2-1/2

[Event "AUT-chT 1999/2000"]
[Site "Melk"]
[Date "1999.10.25"]
[Round "4.1.6"]
[White "Kuba, Guenter"]
[Black "Eichler, Christoph"]
[Result "0-1"]
[WhiteElo "2252"]
[BlackElo "2234"]
[PlyCount "112"]
[EventDate "1999.10.25"]

1. e4 g6 2. d4 d6 3. Nc3 c6 4. a4 Bg7 5. h3 e5 6. Nf3 Qe7 7. Be3 Nf6 8. dxe5
dxe5 9. Bc4 O-O 10. O-O Nbd7 11. Qe2 Nc5 12. Bxc5 Qxc5 13. Rfd1 Nh5 14. Qf1 a5
15. Kh2 Bh6 16. g3 b6 17. Qe2 Ra7 18. b3 Kh8 19. Rd3 f5 20. Rad1 Nf6 21. Rd8
Rd7 22. Rxf8+ Bxf8 23. Rxd7 Bxd7 24. Kg2 f4 25. gxf4 Nh5 26. Qd2 Nxf4+ 27. Kg3
Qe7 28. h4 Bh6 29. Kh2 Bg4 30. Qd1 Bxf3 31. Qxf3 Qxh4+ 32. Kg1 g5 33. Ne2 g4
34. Qg3 Qh5 35. Qh2 Nh3+ 36. Kf1 Bf4 37. Qg2 Ng5 38. Bd3 Nf3 39. Ng1 Nxg1 40.
Kxg1 Qg5 41. Be2 h5 42. Kf1 Qh4 43. Bc4 Qd8 44. Bd3 Kg7 45. Ke2 Qd4 46. Qh1 Kg6
47. Kf1 Kg5 48. Kg2 h4 49. Qf1 h3+ 50. Kh1 Kh4 51. Qg1 b5 52. Qe1 bxa4 53. bxa4
Qxa4 54. Qc3 Qa2 55. Qe1 Qb2 56. Qd1 Qd4 0-1

[Event "AUT-chT 1999/2000"]
[Site "Melk"]
[Date "1999.10.25"]
[Round "4.2.1"]
[White "Hoelzl, Franz"]
[Black "Hickl, Joerg"]
[Result "0-1"]
[WhiteElo "2428"]
[BlackElo "2553"]
[PlyCount "72"]
[EventDate "1999.10.25"]

1. d4 d6 2. Nf3 Nf6 3. c4 Nbd7 4. Nc3 c6 5. e4 e5 6. Be2 a6 7. O-O b5 8. a3 Be7
9. c5 O-O 10. Bg5 dxc5 11. dxe5 Ne8 12. Qd2 Nc7 13. Rfd1 Ne6 14. Bxe7 Qxe7 15.
Qd6 Qxd6 16. Rxd6 Nd4 17. Nxd4 cxd4 18. Rxd4 Nxe5 19. Rad1 g5 20. f3 Be6 21.
Kf2 a5 22. Rc1 Rfd8 23. Rxd8+ Rxd8 24. a4 Rd2 25. axb5 cxb5 26. Ke1 Rxb2 27.
Nd1 Ra2 28. Nc3 Rb2 29. Nd1 Rb3 30. Rc5 Nc4 31. Rxg5+ Kf8 32. f4 a4 33. f5 f6
34. Rg3 Rxg3 35. hxg3 a3 36. Nc3 Bf7 0-1

[Event "AUT-chT 1999/2000"]
[Site "Melk"]
[Date "1999.10.25"]
[Round "4.2.2"]
[White "Atlas, Valery"]
[Black "Horvath, Csaba"]
[Result "1/2-1/2"]
[WhiteElo "2465"]
[BlackElo "2512"]
[PlyCount "32"]
[EventDate "1999.10.25"]

1. e4 c5 2. Nf3 e6 3. d4 cxd4 4. Nxd4 a6 5. Nc3 Qc7 6. g3 Nf6 7. Bg2 Be7 8. O-O
O-O 9. a4 Nc6 10. Be3 d6 11. Qe2 Rb8 12. Rad1 Re8 13. Bh3 Bf8 14. f4 Nd7 15.
Kh1 Nxd4 16. Bxd4 b6 1/2-1/2

[Event "AUT-chT 1999/2000"]
[Site "Melk"]
[Date "1999.10.25"]
[Round "4.2.3"]
[White "Moser, Guenter"]
[Black "Bezold, Michael"]
[Result "1/2-1/2"]
[WhiteElo "2315"]
[BlackElo "2508"]
[PlyCount "50"]
[EventDate "1999.10.25"]

1. d4 d6 2. Nf3 g6 3. Nc3 Bg7 4. e4 a6 5. a4 b6 6. Bc4 e6 7. Bg5 Ne7 8. O-O h6
9. Be3 Nd7 10. Qd2 Bb7 11. Rad1 g5 12. d5 Bxc3 13. Qxc3 e5 14. h4 f6 15. g3 Nc5
16. Bxc5 bxc5 17. Kg2 Kf7 18. Rh1 Kg7 19. hxg5 hxg5 20. Rxh8 Qxh8 21. Rh1 Qe8
22. Qa3 Qd7 23. Be2 c6 24. c4 Rf8 25. b3 Qd8 1/2-1/2

[Event "AUT-chT 1999/2000"]
[Site "Melk"]
[Date "1999.10.25"]
[Round "4.2.4"]
[White "Topakian, Raffi"]
[Black "Steflitsch, Erich"]
[Result "1/2-1/2"]
[WhiteElo "2376"]
[BlackElo "2336"]
[PlyCount "80"]
[EventDate "1999.10.25"]

1. c4 e5 2. g3 Nc6 3. Bg2 g6 4. Nc3 Bg7 5. e4 d6 6. d3 h5 7. h4 Nd4 8. Nce2 Bg4
9. f3 Bd7 10. Nxd4 exd4 11. Ne2 Ne7 12. Bg5 c6 13. O-O c5 14. b4 cxb4 15. Qb1
a5 16. a3 b5 17. cxb5 Bxb5 18. axb4 a4 19. Nf4 O-O 20. Bh3 Ra7 21. Rc1 Qb8 22.
Bxe7 Rxe7 23. Nd5 Rb7 24. Qc2 Qa7 25. Ra3 f5 26. exf5 gxf5 27. Qe2 Re8 28. Rc8
Rb8 29. Qe6+ Qf7 30. Rxe8+ Bxe8 31. Bxf5 Qxe6 32. Bxe6+ Kf8 33. Ra1 Bc6 34. Rc1
Bxd5 35. Bxd5 Rxb4 36. Rc7 Bh6 37. f4 Rb5 38. Bc4 Ra5 39. Rf7+ Ke8 40. Rf6 Bf8
1/2-1/2

[Event "AUT-chT 1999/2000"]
[Site "Melk"]
[Date "1999.10.25"]
[Round "4.2.5"]
[White "Titz, Heimo"]
[Black "Feistenauer, Fred"]
[Result "0-1"]
[WhiteElo "2297"]
[BlackElo "2278"]
[PlyCount "93"]
[EventDate "1999.10.25"]

1. c4 e5 2. Nc3 Nc6 3. Nf3 f5 4. d4 e4 5. Ng5 Bb4 6. Nh3 Nf6 7. e3 Bxc3+ 8.
bxc3 d6 9. Nf4 O-O 10. h4 Ne7 11. h5 c5 12. Be2 Nc6 13. O-O b6 14. Qc2 Qe8 15.
a4 Qf7 16. Qa2 Ba6 17. Ba3 Rfc8 18. Rad1 Na5 19. d5 Nd7 20. Bb4 Nb7 21. Ne6 Ne5
22. a5 cxb4 23. cxb4 Nd8 24. b5 Bb7 25. Nd4 Qc7 26. Nxf5 Ndf7 27. Nd4 a6 28.
Ne6 Qe7 29. axb6 axb5 30. Qb1 Ng5 31. Qxb5 Nxe6 32. dxe6 Qxe6 33. Ra1 Nf3+ 34.
Bxf3 exf3 35. Rxa8 Rxa8 36. Kh2 fxg2 37. Re1 Qg4 38. e4 Qf4+ 39. Kxg2 Bxe4+ 40.
Kf1 Bd3+ 41. Kg2 Be4+ 42. Kf1 Rf8 43. Qb2 Bd3+ 44. Kg1 Qg5+ 45. Kh2 Qxh5+ 46.
Kg1 Qg4+ 47. Kh1 0-1

[Event "AUT-chT 1999/2000"]
[Site "Melk"]
[Date "1999.10.25"]
[Round "4.2.6"]
[White "Tschohl, Christof"]
[Black "Schumi, Manfred"]
[Result "1/2-1/2"]
[WhiteElo "2145"]
[BlackElo "2246"]
[PlyCount "119"]
[EventDate "1999.10.25"]

1. e4 c5 2. c3 Nf6 3. e5 Nd5 4. d4 cxd4 5. Nf3 e6 6. cxd4 b6 7. Nc3 Nxc3 8.
bxc3 Qc7 9. Bd2 d6 10. Bd3 Bb7 11. O-O Nd7 12. Re1 dxe5 13. Nxe5 Nxe5 14. Rxe5
Bd6 15. Rh5 g6 16. Rh3 O-O 17. Qg4 f5 18. Qh4 Rf7 19. c4 Rd8 20. Bc3 Be7 21.
Qh6 Bf6 22. Re1 Qe7 23. Qe3 Qd7 24. Qxe6 Qxe6 25. Rxe6 Bxd4 26. Bxd4 Rxd4 27.
Kf1 Rfd7 28. Bc2 Ba6 29. Rc6 Bb7 30. Re6 Rc7 31. Bb3 Ba6 32. Re8+ Kg7 33. Rc3
Kf7 34. Ra8 Kf6 35. Ke1 f4 36. Rc2 Bc8 37. Re2 Be6 38. Rf8+ Kg7 39. Re8 Bf7 40.
R8e7 Rdd7 41. Rxd7 Rxd7 42. Rd2 Rxd2 43. Kxd2 Kf6 44. Kc3 Ke5 45. Bc2 h6 46. a3
g5 47. Bh7 Be8 48. Kd3 Bc6 49. g3 Bg2 50. Bg6 Bf1+ 51. Kc3 Be2 52. Bh7 Bg4 53.
Bg6 fxg3 54. fxg3 Bf5 55. Bxf5 Kxf5 56. Kb4 Kg4 57. Kb5 Kh3 58. Ka6 Kxh2 59.
Kxa7 Kxg3 60. Kxb6 1/2-1/2

[Event "AUT-chT 1999/2000"]
[Site "Melk"]
[Date "1999.10.25"]
[Round "4.3.1"]
[White "Lukacs, Peter"]
[Black "Berndt, Stephan"]
[Result "1-0"]
[WhiteElo "2480"]
[BlackElo "2500"]
[PlyCount "33"]
[EventDate "1999.10.25"]

1. d4 Nf6 2. c4 g6 3. Nc3 d5 4. Nf3 Bg7 5. Bf4 O-O 6. Rc1 c5 7. dxc5 dxc4 8. e4
Qa5 9. e5 Rd8 10. Bd2 Ng4 11. Bxc4 Qxc5 12. Ne4 Qb6 13. Bxf7+ Kxf7 14. Rxc8
Rxc8 15. Nfg5+ Kg8 16. Qxg4 Na6 17. Nd6 1-0

[Event "AUT-chT 1999/2000"]
[Site "Melk"]
[Date "1999.10.25"]
[Round "4.3.2"]
[White "Polzin, Rainer"]
[Black "Marciano, David"]
[Result "1/2-1/2"]
[WhiteElo "2472"]
[BlackElo "2533"]
[PlyCount "24"]
[EventDate "1999.10.25"]

1. e4 e5 2. Bc4 Nf6 3. d4 exd4 4. Nf3 Nc6 5. e5 Ng4 6. Qe2 Qe7 7. Bf4 d6 8.
exd6 cxd6 9. Nbd2 Bf5 10. Nb3 d3 11. cxd3 Qxe2+ 12. Kxe2 Nge5 1/2-1/2

[Event "AUT-chT 1999/2000"]
[Site "Melk"]
[Date "1999.10.25"]
[Round "4.3.4"]
[White "Danner, Georg"]
[Black "Schroll, Gerhard"]
[Result "1/2-1/2"]
[WhiteElo "2407"]
[BlackElo "2435"]
[PlyCount "117"]
[EventDate "1999.10.25"]

1. d4 d5 2. Nf3 Nf6 3. c4 e6 4. Bg5 Be7 5. e3 h6 6. Bh4 O-O 7. Nc3 Ne4 8. Bxe7
Qxe7 9. Rc1 Nxc3 10. Rxc3 c6 11. Bd3 Nd7 12. Bb1 dxc4 13. Rxc4 e5 14. Qc2 g6
15. O-O exd4 16. Rxd4 Nf6 17. b4 Bg4 18. Rfd1 Rfd8 19. Rxd8+ Rxd8 20. Rxd8+
Qxd8 21. Nd4 Qd6 22. a3 Bd7 23. Ba2 Kf8 24. h3 b6 25. Qc4 Be8 26. Bb3 c5 27.
bxc5 Qxc5 28. Qxc5+ bxc5 29. Ne2 Ke7 30. Nc3 Bd7 31. Kf1 Be6 32. Bxe6 Kxe6 33.
Ke2 Nd5 34. Ne4 c4 35. Kd2 f5 36. Nc5+ Kd6 37. Na4 Kc6 38. h4 a6 39. f3 Nc7 40.
Nc3 Nb5 41. a4 Nd6 42. Ne2 Kc5 43. Kc3 Nc8 44. Nf4 Nb6 45. a5 Na4+ 46. Kc2 g5
47. hxg5 hxg5 48. Ne6+ Kb4 49. g4 fxg4 50. fxg4 Nc3 51. Nxg5 Nd5 52. Kd2 Nf6
53. Ne6 Nxg4 54. Nc7 Kxa5 55. Kc3 Nxe3 56. Kd4 Kb6 57. Nxa6 Kxa6 58. Kxe3 Kb5
59. Kd2 1/2-1/2

[Event "AUT-chT 1999/2000"]
[Site "Melk"]
[Date "1999.10.25"]
[Round "4.3.5"]
[White "Posch, Werner"]
[Black "Frosch, Erich"]
[Result "1-0"]
[WhiteElo "2267"]
[BlackElo "2297"]
[PlyCount "107"]
[EventDate "1999.10.25"]

1. e4 e5 2. Nc3 Nc6 3. Bc4 Nf6 4. d3 Be7 5. f4 d6 6. Nf3 Bg4 7. Bb5 O-O 8. Bxc6
bxc6 9. h3 Bxf3 10. Qxf3 exf4 11. Bxf4 Nd7 12. O-O Bg5 13. Nd1 Rb8 14. Rf2 Nc5
15. Bxg5 Qxg5 16. d4 Ne6 17. c3 d5 18. exd5 cxd5 19. Ne3 c6 20. Ng4 f6 21. Re1
Nd8 22. Qg3 Rb7 23. h4 Qg6 24. h5 Qg5 25. Rf5 Qd2 26. Nxf6+ Kh8 27. Nxd5 Rbf7
28. Rxf7 Nxf7 29. Nf4 Nh6 30. Ne6 Rg8 31. Qf2 Qd3 32. Qe3 Qb5 33. Qe2 Qb8 34.
Qe4 Qb5 35. Qe2 Qb8 36. Ng5 Qg3 37. Qe5 Qg4 38. Nf3 Rf8 39. Qg5 Qc8 40. Re7 Nf5
41. Rxa7 Qb8 42. Rd7 h6 43. Qg4 Qxb2 44. Ne5 Kg8 45. Nxc6 Qc1+ 46. Kh2 Qe3 47.
Rd8 Rxd8 48. Nxd8 Qf2 49. Ne6 Kf7 50. Qf4 Qc2 51. d5 Ke7 52. Nd4 Nxd4 53. Qxd4
Qc1 54. Qe5+ 1-0

[Event "AUT-chT 1999/2000"]
[Site "Melk"]
[Date "1999.10.25"]
[Round "4.3.6"]
[White "Poeltl, Thomas"]
[Black "Wiedner, Robert"]
[Result "0-1"]
[WhiteElo "2241"]
[BlackElo "2180"]
[PlyCount "100"]
[EventDate "1999.10.25"]

1. g3 g6 2. Bg2 Bg7 3. c4 d6 4. Nc3 Nf6 5. b3 Nbd7 6. Bb2 Rb8 7. e3 a6 8. a4 a5
9. Nge2 O-O 10. O-O Re8 11. d4 Nf8 12. h3 Ne6 13. Qc2 c6 14. Rfd1 Qc7 15. Rac1
Bd7 16. Kh2 Rec8 17. Qd2 Qb6 18. Qc2 Qa6 19. Rb1 Nc7 20. e4 b5 21. cxb5 cxb5
22. axb5 Nxb5 23. Qd3 Qa7 24. Rdc1 Nxc3 25. Bxc3 a4 26. bxa4 Bxa4 27. Rxb8 Rxb8
28. Ra1 Qd7 29. d5 Bb5 30. Qd2 Qc7 31. Bd4 Qc4 32. Nc3 Nxe4 33. Nxe4 Qxd4 34.
Qxd4 Bxd4 35. Rb1 Rb7 36. Rb4 Ba7 37. Nc3 Ba6 38. Ra4 Bd3 39. Ra3 Bc5 40. Ra2
Kg7 41. Ne4 Ba7 42. h4 h6 43. g4 Bb1 44. Re2 Bd4 45. Kg3 Rb3+ 46. f3 Be5+ 47.
Kf2 Bd3 48. Re1 Bf4 49. Bf1 Rb2+ 50. Be2 Bc4 0-1

[Event "AUT-chT 1999/2000"]
[Site "Melk"]
[Date "1999.10.25"]
[Round "4.4.2"]
[White "Chernin, Alexandere"]
[Black "Rabiega, Robert"]
[Result "1-0"]
[WhiteElo "2606"]
[BlackElo "2471"]
[PlyCount "89"]
[EventDate "1999.10.25"]

1. d4 d5 2. c4 e6 3. Nc3 Bb4 4. e3 Nc6 5. Bd2 Nge7 6. a3 Bxc3 7. Bxc3 O-O 8. b4
dxc4 9. Bxc4 Nd5 10. Bb2 a5 11. b5 Nce7 12. Nf3 b6 13. e4 Nf6 14. Qe2 Bb7 15.
Bd3 Ng6 16. g3 Nd7 17. h4 h6 18. h5 Ne7 19. Ne5 f6 20. Nc4 Nc8 21. O-O Nd6 22.
a4 f5 23. Nxd6 cxd6 24. exf5 exf5 25. Qe6+ Kh8 26. Qxd6 Rf6 27. Qf4 Nf8 28.
Rae1 Qd5 29. f3 Ne6 30. Qe5 Qb3 31. d5 Bxd5 32. Bxf5 Raf8 33. Bxe6 Bxe6 34. Re3
Qc2 35. Qc3 Qf5 36. Qe1 Qh3 37. Bxf6 Rxf6 38. Qf2 Bd5 39. Qh2 Qc8 40. Qd2 Rf5
41. g4 Rg5 42. Rfe1 Rxg4+ 43. fxg4 Qxg4+ 44. Kf1 Bc4+ 45. Kf2 1-0

[Event "AUT-chT 1999/2000"]
[Site "Melk"]
[Date "1999.10.25"]
[Round "4.4.3"]
[White "Lipinsky, Fabian"]
[Black "Stanec, Nikolaus"]
[Result "1/2-1/2"]
[WhiteElo "2339"]
[BlackElo "2495"]
[PlyCount "43"]
[EventDate "1999.10.25"]

1. d4 Nf6 2. c4 g6 3. Nc3 Bg7 4. e4 d6 5. Nf3 O-O 6. Be2 e5 7. O-O Na6 8. Be3
exd4 9. Nxd4 Nc5 10. f3 Re8 11. b4 Ne6 12. Rc1 a5 13. Nxe6 Bxe6 14. b5 Nd7 15.
Na4 b6 16. f4 f5 17. Bf3 Rc8 18. Re1 fxe4 19. Bxe4 Nf6 20. Bf3 Bf7 21. Qd3 Be6
22. Nc3 1/2-1/2

[Event "AUT-chT 1999/2000"]
[Site "Melk"]
[Date "1999.10.25"]
[Round "4.4.4"]
[White "Kindermann, Stefan"]
[Black "Herndl, Harald"]
[Result "1-0"]
[WhiteElo "2532"]
[BlackElo "2342"]
[PlyCount "107"]
[EventDate "1999.10.25"]

1. e4 e5 2. f4 exf4 3. Nf3 d6 4. d4 g5 5. h4 g4 6. Ng1 Nf6 7. Bxf4 Nxe4 8. Nd2
Qe7 9. Nxe4 Qxe4+ 10. Qe2 Qxe2+ 11. Nxe2 Nc6 12. O-O-O Bg7 13. c3 Ne7 14. Ng3
Be6 15. Bb5+ c6 16. Bd3 Ng6 17. Bxd6 O-O-O 18. Nf5 Bh6+ 19. Kb1 Bf4 20. Ba3 h5
21. Rhf1 Bc7 22. Ne7+ Nxe7 23. Bxe7 Rd7 24. Bf6 Re8 25. Rde1 Bd8 26. Bxd8 Kxd8
27. Re5 Bd5 28. Rxe8+ Kxe8 29. Re1+ Re7 30. Rxe7+ Kxe7 31. g3 b5 32. b3 a5 33.
Kc2 Kf6 34. Kd2 b4 35. c4 Be6 36. Be4 Bd7 37. Ke3 Be8 38. Kf4 Bd7 39. Bg2 Be8
40. Bh1 Bd7 41. Be4 Be8 42. Bf5 Ke7 43. Kg5 f6+ 44. Kh6 Kd6 45. Bg6 Bd7 46.
Kxh5 c5 47. dxc5+ Kxc5 48. Bc2 Kd4 49. Bd1 f5 50. Kg5 Ke3 51. Bxg4 fxg4 52. h5
Ke4 53. h6 Bf5 54. c5 1-0

[Event "AUT-chT 1999/2000"]
[Site "Melk"]
[Date "1999.10.25"]
[Round "4.4.5"]
[White "Ebner, Hubert"]
[Black "Luther, Thomas"]
[Result "0-1"]
[WhiteElo "2245"]
[BlackElo "2508"]
[PlyCount "74"]
[EventDate "1999.10.25"]

1. d4 e6 2. Nf3 d5 3. c4 Nf6 4. Nc3 Bb4 5. cxd5 exd5 6. Bg5 Nbd7 7. e3 c5 8.
Be2 Qa5 9. O-O Bxc3 10. bxc3 c4 11. Qc2 Ne4 12. Rac1 Nb6 13. Bf4 O-O 14. Nd2
Bf5 15. Nxe4 Bxe4 16. Qd2 Rfe8 17. Bg4 Qa3 18. Rfe1 Na4 19. f3 Bd3 20. Bd7 Re7
21. Bd6 Qxd6 22. Bxa4 Qa6 23. Bd1 Rae8 24. Bc2 Bxc2 25. Rxc2 Qh6 26. f4 Qg6 27.
Rb2 b6 28. Rc2 h6 29. Kf2 Qe4 30. Re2 g5 31. fxg5 hxg5 32. Kg1 Qd3 33. Kf2 f5
34. g3 f4 35. e4 Rxe4 36. Rxe4 dxe4 37. gxf4 e3+ 0-1

[Event "AUT-chT 1999/2000"]
[Site "Melk"]
[Date "1999.10.25"]
[Round "4.4.6"]
[White "Teske, Henrik"]
[Black "Loebler, Heimo"]
[Result "1-0"]
[WhiteElo "2514"]
[BlackElo "2270"]
[PlyCount "107"]
[EventDate "1999.10.25"]

1. b3 d5 2. Bb2 Bg4 3. f3 Bh5 4. Nh3 c6 5. Nf4 Bg6 6. e3 Nd7 7. d4 e6 8. h4 h5
9. Nxg6 fxg6 10. Qd3 Kf7 11. Nd2 a5 12. g3 a4 13. Bh3 axb3 14. axb3 Rxa1+ 15.
Bxa1 Bb4 16. c3 Bd6 17. f4 Nh6 18. e4 Be7 19. Nf3 dxe4 20. Qxe4 Nf5 21. Kf2 Bf6
22. Re1 Qe7 23. Bb2 Ra8 24. Re2 Ra2 25. Kg2 Qd6 26. Qb1 Ra8 27. Kh2 Nf8 28. Bg2
Qc7 29. Qc2 Qb6 30. Nd2 Qc7 31. Ne4 Be7 32. b4 Kg8 33. Bc1 Kh7 34. Qb3 Ra1 35.
Bb2 Ra8 36. Bc1 Qd8 37. Ng5+ Bxg5 38. fxg5 Ra1 39. Bf4 Qd7 40. Rb2 Qf7 41. Rf2
Qd7 42. Re2 Qf7 43. Qb2 Ra8 44. Re4 Qd7 45. b5 Kg8 46. Re5 Kf7 47. Rc5 Ne7 48.
Be5 Kg8 49. Qb3 Ra7 50. c4 Ra8 51. d5 exd5 52. cxd5 cxd5 53. Rc7 Qe6 54. Bxd5
1-0